Crude oil washing systems

Saved in:
书目详细资料
企业作者: Organización Marítima Internacional (Author)
格式: 图书
语言:英语
出版: Londres OMI 1983
主题:
标签: 添加标签
没有标签, 成为第一个标记此记录!

MARC

LEADER 00000nam a2200000 a 4500
001 UCP7156
003 CL-VaPUC
008 991203e19830000UK |||||||||||||||||eng|d
082 0 4 |a 344.042  |b ORG  |2 21 
110 2 |a Organización Marítima Internacional  |e author  |9 436569 
245 1 0 |a Crude oil washing systems 
300 |a 97 p 
942 |c BK 
945 |d 19991203 00:00:00  |a rbrito 
260 |a Londres  |b OMI  |c 1983 
650 0 |a Derecho marítimo  |9 255301 
650 0 |a Transporte marítimo  |9 260127 
650 7 |a MERCANCIAS PELIGROSAS  |2 CL-VaPUC  |9 260783 
650 7 |a PETROLEO  |2 CL-VaPUC  |9 320865 
650 7 |a HIDROCARBUROS  |2 CL-VaPUC  |9 344783 
583 |a last modification  |c 19991203 00:00:00  |k Rodrigo Vera 
999 |c 284471  |d 284469 
952 |0 0  |1 0  |4 0  |6 344_042000000000000_ORG_1983  |7 0  |8 A  |9 328534  |a BIBING  |b BIBING  |d 2019-11-20  |i 358402K  |o 344.042 ORG 1983  |p 358402K  |r 2025-01-20  |w 2019-11-20  |y BK  |k TRA